|
|
|
|
| LEADER |
00000nam1a2200000 4500 |
| 001 |
159531 |
| 005 |
20231101222122.0 |
| 035 |
|
|
|a (RuTPU)RU\TPU\book\173037
|
| 090 |
|
|
|a 159531
|
| 100 |
|
|
|a 20090512d1984 k y0rusy50 ca
|
| 101 |
0 |
|
|a rus
|
| 102 |
|
|
|a RU
|
| 200 |
1 |
|
|a Советский Союз на международных конференциях периода Великой Отечественной войны, 1941-1945 г.
|e сборник документов
|f СССР, Министерство иностранных дел ; под ред. А. А. Громыко
|
| 210 |
|
|
|a Москва
|c Изд-во политической лит-ры
|d 1984
|
| 702 |
|
1 |
|a Громыко
|b А. А.
|4 340
|
| 712 |
0 |
1 |
|a СССР
|b Министерство иностранных дел
|c (1946-1991)
|2 stltpush
|3 (RuTPU)RU\TPU\col\14704
|9 25988
|
| 801 |
|
1 |
|a RU
|b 63413507
|c 20090512
|g PSBO
|
| 801 |
|
2 |
|a RU
|b 63413507
|c 20181017
|g RCR
|
| 942 |
|
|
|c BK
|